Star-Crossed Lovers Match-Up Quiz Stats

Quiz Updated Feb 14, 2015

Also try: Love Triangles
Challenge
Share
Tweet
Score 0/30 Timer 07:00
0 Plays Today
% Correct
Romeo Montague
95.6%
Robin Hood
90.5%
Mark Antony
89.6%
Lancelot
85.1%
Rhett Butler
81%
John Rolfe
79.7%
Anakin Skywalker
79.6%
Jay Gatsby
78.9%
Tristan
73.7%
Fitzwilliam Darcy
70.8%
Napoleon I
69.7%
Alexei Vronski
69.2%
Edward Rochester
59.5%
Eros
57.7%
Heathcliff
57.3%
% Correct
Edward VIII
57.3%
Cyrano de Bergerac
54.7%
Orpheus
53.3%
Troilus
50.2%
Pyramus
44.3%
Rick Blaine
44%
Alvy Singer
43.7%
Dante Alighieri
40.7%
Pip
39.7%
Orlando
37.4%
Leander
33.3%
Horatio Nelson
30.5%
Peter Abelard
24%
Charles Parnell
20.9%
Harold Chasen
19.6%

You're not logged in!

Compare scores with friends on all Sporcle quizzes.
Sign Up with Email
OR
Log In

You Might Also Like...

Show Comments

Extras

Top Quizzes Today


Score Distribution

Your Account Isn't Verified!

In order to create a playlist on Sporcle, you need to verify the email address you used during registration. Go to your Sporcle Settings to finish the process.